000 00494nam a22001697a 4500
003 OSt
005 20240330114912.0
008 211018b xxu||||| |||| 00| 0 eng d
020 _a978-9352703104
040 _cIIMT UNIVERSITY
100 _aMAHAJAN'S / BANERJEE BRATATI
245 _aMAHAJAN'S METHODS IN BIOSTATISTICS FOR MEDICAL STUDENTS AND RESEARCH WORKERS
250 _a9TH
260 _aNEW DELHI
_bJAYPEE THE HEALTH SCIENCE PUBLISHERS
_c2018
300 _a469
942 _2ddc
_c02
_e9TH
999 _c50899
_d50899